00452 a2200157 4500020001500000040001300015082001200028100002100040245007500061250001200136260003300148300003600181500002200217650001300239700004200252 a0471465097 aDLCbDLC a530 RES aHalliday, David. aFundamentals of physicscDavid Halliday, Robert Resnick, Jearl Walker. a7th ed. aNew Jersey :bWiley,cc2005. axxii, 1056 p. :bill. ;c28 cm. aIncludes indexes. aPhysics. a1. Resnick, Robert. 2. Walker, Jearl.